Nouvelle méthodo simplifiant l'enseignement de la lecture par la décomposition du language en sons purs et en sons articulés.

Detalles Bibliográficos
Autor principal: REGIMBEAU
Formato: Libro
Publicado: México 1898
Edición:5a. ed.
Materias:
Colección:Banco de datos
Acervo:Biblioteca del Convento de San Pablo. Yuririahupándaro. Guanajuato
Tema general:Idiomas
Notas:Buena. Ex libris manuscrito de Ma. del Pilar Zavala. 3C2, 8.
LEADER 00768nam a22002050004500
035 |a 37056 
036 |a 2697 
100 1 |a REGIMBEAU 
245 1 0 |a Nouvelle méthodo simplifiant l'enseignement de la lecture par la décomposition du language en sons purs et en sons articulés. 
250 |a 5a. ed. 
260 |a México  |b E. Munguía imp.  |c 1898 
500 |a Buena. Ex libris manuscrito de Ma. del Pilar Zavala. 3C2, 8. 
650 1 0 |a Idiomas 
949 |a CRG-CY 
959 |a Ex convento de San Pablo, Museo Regional de Yuririahpúndaro, Guanajuato  |b CCC9 
960 |a Convento San Pablo Yuririahpúndaro, Guanajuato  |b DD86 
961 |a Agustina  |b OA 
942 |c CRG-CY 
943 |g Biblioteca del Convento de San Pablo. Yuririahupándaro. Guanajuato 
999 |c 957722  |d 957722